Statistiques concernant Pokémon de la 1ère et de la 2nde génération (français)

Cliquez ici pour prendre le quiz!

Statistiques générales

  • Ce quiz a été pris 228 fois
    (187 depuis la dernière actualisation)
  • Le résultat moyen est 206 sur 251

Statistiques - réponses

HintAnswer% Correct
229Salamèche
97%
230Reptincel
97%
24Chenipan
96%
234Tortank
96%
226Bulbizarre
96%
227Herbizarre
96%
228Florizarre
96%
232Carapuce
96%
231Dracaufeu
96%
22Pikachu
95%
23Raichu
95%
233Carabaffe
95%
25Chrysacier
95%
26Papilusion
95%
14Rapasdepic
94%
12Roucarnage
94%
11Roucoups
94%
10Roucool
94%
40Mélo
94%
28Coconfort
94%
13Piafabec
94%
29Dardargnan
93%
27Aspicot
93%
41Mélofée
93%
51Arbok
93%
50Abo
93%
236Electhor
93%
237Sulfura
93%
250Mew
93%
249Mewtwo
93%
1Germignon
92%
4Héricendre
92%
7Kaiminus
91%
9Aligatueur
91%
17Rattata
91%
235Artikodin
91%
18Rattatac
91%
243Dracolosse
90%
242Draco
90%
248Ho-Oh
90%
153Lippoutou
90%
241Minidraco
90%
45Grodoudou
90%
251Célébi
90%
6Typhlosion
90%
44Rondoudou
90%
96Nidorina
89%
100Nidoking
89%
110Insécateur
89%
2Macronium
89%
155Elektek
89%
180Evoli
89%
181Aquali
89%
182Voltali
89%
183Pyroli
89%
97Nidoqueen
89%
3Méganium
89%
48Sabelette
89%
49Sablaireau
89%
5Feurisson
89%
240Suicune
89%
8Crocodil
89%
239Entei
88%
58Fantominus
88%
99Nidorino
88%
112Scarabrute
88%
85Rafflesia
88%
84Ortide
88%
83Mystherbe
88%
151Magmar
88%
247Lugia
88%
15Hoothoot
88%
184Mentali
88%
37Nosferapti
88%
21Pichu
88%
60Ectoplasma
88%
34Racaillou
88%
35Gravalanch
88%
36Grolem
88%
38Nosferalto
88%
206Rhinocorne
88%
207Rhinoféros
88%
128Arcanin
87%
127Caninos
87%
16Noarfang
87%
136Miaouss
87%
223Kabutops
87%
222Kabuto
87%
125Goupix
87%
220Amonita
87%
32Mimigal
87%
221Amonistar
87%
126Feunard
87%
62Onix
87%
64Chétiflor
87%
65Boustiflor
87%
66Empiflor
87%
59Spectrum
87%
142Mackogneur
86%
133Triopikeur
86%
201Ponyta
86%
202Galopa
86%
137Persian
86%
121Electrode
86%
120Voltorbe
86%
73Tétarte
86%
140Machoc
86%
141Machopeur
86%
74Tartard
86%
132Taupiqueur
86%
43Toudoudou
86%
167Stari
86%
168Staross
86%
39Nostenfer
86%
91Alakazam
85%
185Noctali
85%
90Kadabra
85%
89Abra
85%
118Magnéti
85%
145Tygnon
85%
30Coxy
85%
119Magnéton
85%
238Raikou
84%
77Léviator
84%
76Magicarpe
84%
144Kicklee
84%
54Lainergie
84%
33Migalos
84%
71Parasect
84%
70Paras
84%
63Steelix
84%
53Wattouat
84%
219Lokhlass
84%
114Smogo
84%
115Smogogo
83%
217Leveinard
83%
95Nidoran femelle
83%
55Pharamp
83%
224Ptera
83%
152Lippouti
83%
205Kangourex
83%
80Ramoloss
83%
98Nidoran mâle
83%
92Métamorph
83%
81Flagadoss
83%
176Otaria
82%
20Fouinar
82%
200Dodrio
82%
177Lamantine
82%
19Fouinette
82%
31Coxyclaque
82%
210Démolosse
82%
186Hypotrempe
82%
187Hypocéan
82%
199Doduo
82%
225Ronflex
81%
215Porygon
81%
148Tauros
81%
245Ymphect
81%
150Magby
81%
158Canarticho
81%
78Poissirène
81%
104Noeunoeuf
81%
111Cizayox
81%
79Poissoroy
81%
116Tadmorv
80%
178Excelangue
80%
117Grotadmorv
80%
135Colossinge
80%
134Férosinge
80%
154Elékid
80%
105Noadkoko
80%
204Ossatueur
79%
203Osselait
79%
165Kraboss
79%
164Krabby
79%
86Joliflor
79%
246Tyranocif
79%
216Porygon 2
79%
72Ptitart
78%
109Aéromite
78%
179Saquedeneu
78%
244Embrylex
78%
108Mimitoss
78%
156M. Mime
78%
75Tarpaud
77%
88Hypnomade
77%
46Togépi
77%
170Crustabri
77%
87Soporifik
77%
69Cotovol
76%
47Togétic
76%
82Roigada
76%
162Tentacool
76%
143Débugant
76%
163Tentacruel
76%
169Kokiyas
76%
106Simularbre
75%
61Zarbi
75%
67Granivol
74%
68Floravol
74%
190Cadoizo
74%
146Kapoera
74%
196Donphan
73%
208Cornèbre
73%
139Akwakwak
72%
147Girafarig
72%
113Scarhino
72%
194Ursaring
72%
138Psykokwak
72%
209Malosse
72%
193Teddiursa
72%
192Cochignon
72%
195Phanpy
72%
52Insolourdo
71%
149Ecrémeuh
71%
57Maraiste
71%
56Axoloto
71%
191Marcacrin
71%
188Hyporoy
71%
129Cerfrousse
71%
107Qulbutoké
71%
131Azumarill
69%
218Leuphorie
69%
172Rémoraid
69%
130Marill
69%
122Capumain
68%
123Snubull
67%
103Héliatronc
67%
101Yanma
66%
173Octillery
65%
161Qwilfish
65%
198Airmure
65%
124Granbull
65%
211Limagma
64%
189Scorplane
64%
157Queulorior
64%
159Natu
64%
160Xatu
64%
94Foretress
63%
93Pomdepik
63%
166Caratroc
63%
174Loupio
63%
175Lanturn
63%
197Démenta
63%
212Volcaropod
63%
102Tournegrin
62%
214Feuforêve
62%
213Farfuret
60%
171Corayon
60%
42Mélofelfe
55%

Distribution des résultats

Percentile par nombre de réponses

% des personnes avec chaque résultat

Votre développement - résultats

Vous n’avez pas pris ce quiz depuis la dernière actualisation